000 00618nam a2200229Ia 4500
003 OSt
005 20220928104256.0
006 a|||||r|||| 00| 0
007 ta
008 220927b |||||||| |||| 00| 0 eng d
024 _a29206
037 _cTextual
040 _aSDCL
_cSDCL
_beng
041 _2eng
_aeng
082 _aV2(Y73(Q7))'F<D, L4
100 _aWatt W Montgomery
_9409875
245 0 _aMajesty that was Islam.
260 _aLondon
_bSidgwick and Jackson
_c1974
300 _a276p
_ccm.
942 _hV2(Y73(Q7))'F<D, L4
_cTEXL
_2CC
999 _c725446
_d725446